Normal view MARC view
  • Maffesoli, Michel

Entry Nombre Personal

Number of records used in: 6

001 - NUMERO DE CONTROL

  • campo de control: 29656

003 - IDENTIFICADOR DE NUMERO DE CONTROL

  • campo de control: DLC

005 - FECHA Y HORA DE LA ÜLTIMA TRANSACCIÓN

  • campo de control: 20221013090348.0

008 - DATOS DE LONGITUD FIJA

  • campo de control de longitud fija: 800926n| azannaabn |n aaa

010 ## - NÚMERO DE CONTROL DE LA BIBLIOTECA DEL CONGRESO

  • Número de control LC: n 80122750

035 ## - NUMERO DE CONTROL

  • Número de control: (OCoLC)oca00503308

040 ## - FUENTE DE CATALOGACIÓN

  • Agencia original de catalogación: DLC
  • Lenguaje de catalogación: spa
  • Description conventions: rda
  • Agencia de transcripción: DLC
  • Agencia que lo modifica: OCoLC
  • Agencia que lo modifica: MX-MrUMS
  • Agencia que lo modifica: InU
  • Agencia que lo modifica: MX-MxUPN

046 ## - FECHAS CON CODIFICACIÓN ESPECIAL

  • Fecha de nacimiento: 1944
  • Fuente del formato de fecha: edtf

100 1# - ENCABEZAMIENTO - NOMBRE PERSONAL

  • Nombre personal: Maffesoli, Michel

372 ## - CAMPO DE ACTIVIDAD

  • Field of activity: Sociología

373 ## - GRUPO ASOCIADO

  • Associated group: Université René Descartes
  • Associated group: Institut international de sociologie
  • Fuente del término: naf

374 ## - OCUPACIÓN

  • Occupation: Profesor universitario

377 ## - LENGUA ASOCIADA

  • Language code: fre

670 ## - FUENTE EN LA QUE SE LOCALIZARON DATOS

  • Cita de la fuente: L'ombre de Dionysos, 1982:
  • Información localizada: portada (Michel Maffesoli, professeur à l'Université R. Descartes-Sorbonne) solapa (b. 1944)

670 ## - FUENTE EN LA QUE SE LOCALIZARON DATOS

  • Cita de la fuente: ¿Hacia dónde se dirigen los valores?, 2006:
  • Información localizada: página 405 (Michel Maffesoli: profesor de sociología en la Universidad París V.; también es vicepresidente del Instituto Internacional de Sociología)

670 ## - FUENTE EN LA QUE SE LOCALIZARON DATOS

  • Cita de la fuente: El conocimiento ordinario: compendio de sociología, 1993:
  • Información localizada: portada (Michel Maffesoli)

902 ## - CATALOGADOR

  • Catalogador: Víctor Ruiz/131022